Регионална библиотека "Любен Каравелов" - Русе

Българите мохамедани - лъжи и спекулации (Запис номер 197314)

MARC детайли
000 -Лидер
Контролно поле с фиксирана дължина 01839nam a2200373 c 4500
003 - Код на организацията, давaща контролен номер
Контролно поле BLK
005 - Дата и час на последна редакция
Контролно поле 20230629112209.0
008 - Елементи от данни с фиксирана дължина
fixed length control field 180411b bul|||||r ||||||| ||bul||
010 ## - Наследен системен номер
LC control number KNG00206592000
020 ## - Международен стандартен номер на книга ISBN
Международен стандартен номер на книга ISBN 9789543781423
040 ## - Източник на каталожния запис
Идентификатор на билиотеката - собственик на записа BLK
041 ## - Код за език
Код за езика на текст/звукозапис или на отделно заглавие Български
Код за езика КДБФ Български
072 #7 - Код за тематичната категория
Код организация bullib
Код за тематична категория Н32
Текст Политика Н
080 ## - УДК
Текстов определител УДК Национални малцинства. Оптанти
УДК код - определител по УДК 323.15
УДК определител :297(497.2)(062.2)
УДК - код + определител 323.15:297(497.2)(062.2)
139 ## - Редно поле
Редна дума Българите мохамедани - лъжи и спекулации
Авторски знак Бъл - Б 92
245 10 - Сведения за заглавието
Заглавие Българите мохамедани - лъжи и спекулации
Подзаглавни данни Ч. 1 -
Редно поле (дума) състав. Александър Петров Маринов.
Том Ч. 1
Заглавие на том Статии, бележки, научни доклади, писма
257 ## - Страна на издаване
Страна на създаване/издаване България
260 ## - Област на издателските данни
Година на издаване 2016 -
Място на издаване, разпространение и проч. София
300 ## - Физическа характеристика
Размери/Мащаб 24 см
380 ## - Жанр
Жанр Обществени науки
490 1# - СЕРИИ (Колекции)
Име на серия Поредица Дружба Родина
650 #4 - Допълнително описание по предмет – тема
Основно описание – тема или топоним Българомохамедани - история
9 (RLIN) 272405
653 ## - Ключова дума – ненормативна
Ключова дума българомохамедани
659 ## - Тематичен бюлетин
Тематичен бюлетин Н
700 1# - Други автори (авторска отговорност)
Лично име Маринов, Александър Петров
Автороска отговорност (Описва отношението между автора и произведението) състав.
9 (RLIN) 371303
760 1# - Описание на основната серия
Място на издаване, издател и година Тангра ТанНакРа, 2016
Страници - том 435 с.
Забележка - том Изд. на Сдружение Дружба "Родина" Вместо предговор: Проф. д-р Хюсеин Мемишоглу - носителят на жълтата фланелка / Елена Алекова: с. 9-36. - Библиогр. под линия
Заглавие Ч. 1 Статии, бележки, научни доклади, писма
852 ## - Местоположение
Форматна сигнатура Цб 285610
856 4# - Електронен адрес и достъп
Електронен формат pdf - файл
856 4# - Електронен адрес и достъп
Електронен формат pdf - файл
999 ## - СИСТЕМНИ КОНТРОЛНИ НОМЕРА
Koha biblionumber 197314
Koha biblioitemnumber 197314
942 ## - АРТИКУЛИ
Вид на библиотечния материал Книги
Скрит в OPAC Не
Периодичен библиозапис Да
Koha issues (borrowed), all copies 1
944 ## - СЪЗДАВАНЕ И РЕДАКЦИЯ на ЗАПИСА
Създаване/Редакция Създаване
Дата на регистрацията/редакция 19.05.2017
Служител, извършил регистрацията/редакцията Виолета_Тройчева
944 ## - СЪЗДАВАНЕ И РЕДАКЦИЯ на ЗАПИСА
Създаване/Редакция Редакция
Дата на регистрацията/редакция 27.06.2017
Служител, извършил регистрацията/редакцията Геновева_Генчева
999 ## - СИСТЕМНИ КОНТРОЛНИ НОМЕРА
Koha biblioitemnumber 197314
Наличности
Код за отписване Код за изгубен артикул Код за повреда Коз за рестрикции Код за отдаване Артикулен № Име на библиотеката - собственик Име на библиотеката, в която се намира в момента Статус (Текущо местоположение) Дата на вписване в системата Местоположение - отдел Цена в лева Инвентарен номер Систематично азбучна сигнатура Баркод Номер на екземпляра Цена в евро Служебна бележка Служебен тип на артикула Източник на класификационната схема
  Не е изгубен Не е повреден без рестрикции ползва се в читалня 343655 Регионална библиотека "Любен Каравелов" Русе Регионална библиотека "Любен Каравелов" Русе Хранилище 2017-05-19 Хранилище 18.00 120000811163 Цб 285610 120000811163 1 9.20 Дост: Dp Вид: Д N: 16 Дата: 28.03.2017 Книги  
  Не е изгубен Не е повреден без рестрикции заемане за дома 799731 Регионална библиотека "Любен Каравелов" Русе Регионална библиотека "Любен Каравелов" Русе Заемна - подръчен фонд 2020-09-18 Заемна - подръчен фонд 14.40   323(497.2)/Б 92 120000846952   7.36   Книги Universal Decimal Classification
  Не е изгубен Не е повреден без рестрикции заемане за дома 799732 Регионална библиотека "Любен Каравелов" Русе Регионална библиотека "Любен Каравелов" Русе Заемна - подръчен фонд 2020-09-18 Заемна - подръчен фонд 14.40   323(497.2)/Б 92 120000846953   7.36   Книги Universal Decimal Classification
Vip Innovations Ltd, Rousse, Bulgaria 2025